| 000 | 00487nam a2200181 a 4500 | ||
|---|---|---|---|
| 001 | 2058 | ||
| 003 | CDMR | ||
| 005 | 20131023102701.0 | ||
| 008 | 130130s1968||||||||||||||||||||||||||||d | ||
| 040 |
_aCDMR _bcat _cCDMR |
||
| 100 | 1 |
_aBernhart, Joseph _91531 |
|
| 245 | 1 | 3 |
_aLa iluminación en TV _b: apéndice |
| 260 |
_aMadrid _c1968 _bServicio de formación de TVE |
||
| 300 |
_bil. b/n _a15, [18] p. |
||
| 490 | 0 | _aColección Eco | |
| 650 | 0 | 4 |
_93785 _aTelevisió _xTècnica |
| 942 |
_cMON _2udc |
||
| 999 |
_c2058 _d2058 |
||